000 00986nam a2200253Ia 4500
003 OSt
005 20220923225043.0
006 a|||||r|||| 00| 0
007 ta
008 220922b |||||||| |||| 00| 0 hin d
024 _a255,880
037 _cTextual
040 _aARTS
_cARTS
_bhin
041 _2hin
_ahin
082 _aQ141:21, 15L7
100 _aशास्त्री, रामकृष्ण, व्याख्; शास्त्री, विश्वनाथ, सम्प
_9168348
245 0 _aअथर्ववेद संहिता
246 _aAtharvaved sanhitā
260 _aवाराणसी
_b चौखम्बा ओरियन्टालिया
_c1977
300 _a566पृ.
_ccm.
650 _aधर्म
942 _hQ141:21, 15L7
_cTEXL
_2CC
999 _c375738
_d375738